Ley reguladora de las haciendas locales / [comentarios: ] José Ignacio Rubio de Urquía, Salvador Arnal Suría ] José Ignacio Rubio de Urquía, Salvador Arnal Suría
ISBN:
84-7052-251-5
Descripción Física:
v. ; 24 cm
Otros Autores:
Arnal Suría, Salvador
MARC
| LEADER | 00000nam a2200000Ia 4500 | ||
|---|---|---|---|
| 001 | 17163 | ||
| 008 | 160829s1996 xx 000 0 cat d | ||
| 020 | |a 84-7052-251-5 | ||
| 080 | |a D-3-54 | ||
| 100 | |a Rubio de Urquía, José Ignacio |9 25593 | ||
| 245 | |a Ley reguladora de las haciendas locales / [comentarios: |b ] José Ignacio Rubio de Urquía, Salvador Arnal Suría | ||
| 250 | |a 2a ed. | ||
| 260 | |a Madrid : |b El Consultor de los Ayuntamientos : |b Abella, |c 1996 | ||
| 300 | |a v. ; |c 24 cm | ||
| 610 | 1 | 0 | |a Espanya. |t Ley 39/1988, de 28 de diciembre, reguladora de las haciendas locales |9 56586 |
| 650 | 0 | |a Finances locals |x Dret i legislació |x Espanya |9 23875 | |
| 700 | |a Arnal Suría, Salvador |9 1047 | ||
| 866 | |a 1 | ||
| 901 | |a Arxiu | ||
| 942 | |n 1 | ||
| 952 | |0 1 |1 0 |2 udc |4 0 |5 2 |6 D354 |7 1 |9 42899 |a Arxiu |b Arxiu |d 2016-12-01 |l 0 |o D-3-54 |p 17163 |r 2016-12-01 00:00:00 |w 2016-12-01 |y ARXIU | ||
| 999 | |c 45405 |d 45405 | ||